00958nam a2200241Ia 4500001000600000003000900006008004100015040001300056040001300069041001300082100002400095100002900119245005500148245005500203250001100258260001100269260000800280260004900288300004100337500027800378650002900656650003100685 3584IT-RoPAU130308s9999 xx 000 0 und d aIT-RoPAU cIT-RoPAU aITALIANO aCasagrande Vincenzo gCodice Aut. SPICS: 8366 aArte a servizio della Chiesa (L')-1-La casa di Dio bArte a Servizio della Chiesa (L')-1-La Casa di Dio a1a ed. aTORINO bSEI c1931 [1° Ed.:1931 - Ed.Ling.Originale:1931] a"316 p. (prefazione: 8; testo: 308)" aArte sacra e Artista bello e Arte Cristiana ideale Artistico Disposizioni Pontificie in materia di Arte sacra Arte sacra e Casa di Dio in Generale Presbiterio e Altari Laterali Paramenti Sacri Navata della Chiesa Decoro e conservazione della Casa di Dio Campanile e Campane aSTORIA DELLE ARTI VISIVE eCodice materia Spics: 5008